LIBRARY & INFORMATION CENTRE, KCAET, TAVANUR

ONLINE PUBLIC ACCESS CATALOGUE (OPAC)

Advanced mathematics for engineers and scientists , Vol 1 / (Record no. 9491)

MARC details
000 -LEADER
fixed length control field 00586cam a2200217ua 4500
020 ## - INTERNATIONAL STANDARD BOOK NUMBER
ISBN 81 239 0043 0
041 ## - LANGUAGE CODE
Language code of text/sound track or separate title eng
082 ## - DEWEY DECIMAL CLASSIFICATION NUMBER
Classification number 510.02462
Item number SHA/AD
100 ## - MAIN ENTRY--AUTHOR NAME
Personal name Sharma, G S .
245 ## - TITLE STATEMENT
Title Advanced mathematics for engineers and scientists , Vol 1 /
250 ## - EDITION STATEMENT
Edition statement 2 /
260 ## - PUBLICATION, DISTRIBUTION, ETC. (IMPRINT)
Place of publication New Delhi :
Name of publisher C B S Publishers & Distributers ,
Year of publication 1992.
300 ## - PHYSICAL DESCRIPTION
Number of Pages 713 ; .
700 1# - ADDED ENTRY--PERSONAL NAME
Personal name Ahuja, K L .
942 ## - ADDED ENTRY ELEMENTS (KOHA)
Koha item type Books
Holdings
Withdrawn status Lost status Damaged status Home library Current library Shelving location Date acquired Full call number Accession Number Koha item type
      KAUAET KAUAET Scheme 07/04/2012 510.02462 18259 Book Bank scheme for SC students
      KAUAET KAUAET Scheme 07/04/2012 510.02462 18260 Book Bank scheme for SC students
      KAUAET KAUAET   07/04/2012 510.02462 18258 Books
free website counter